000 00828nam a2200277 a 4500
001 63224
003 BD-RjUL
005 20211209081154.0
008 170129s1973 nyub b 001 0beng d
035 _a(BD-RjUL)63353
035 _a(OCoLC)00297027
035 _aGLIS00171154
040 _aDLC
_cDLC
_dm.c.
_dBD-RjUL
_beng
041 _aeng
082 _a962.050924
_bSTN 1973
099 _aDT107.83.S835
100 1 _aStephens, Robert Henry,
_d1920-
_9188179
245 1 0 _aNasser :
_ba political biography /
_c[by] Robert Stephens.
260 _aNew York,
_bSimon and Schuster
_c1973
300 _a631 p. :
_bill. ;
_c23 cm.
504 _aBibliography: p. [599]-607.
600 1 0 _aNasser, Gamal Abdel,
_d1918-1970.
_9188180
651 0 _aEgypt
_xHistory
_y1952-1970.
_9188181
942 _2ddc
_cBK
999 _c63224
_d63224